Obfuscations of Song Titles #3 - Statistics

General Stats
  • This quiz has been taken 801 times
  • The average score is 7 of 15
Answer Stats
Obfuscation Song Title % Correct
A sweet concoction of flour, eggs, and other ingredients near a gigantic body of water Cake By The Ocean
88%
I identify as the large, tusked mammal related to the eel family and residing in water areas, despite breathing air I Am The Walrus
69%
Residing atop one's calls to their respective God Livin' on a Prayer
69%
Toodle-oo, sayonara, adieu Bye Bye Bye
56%
Omnipotent deity in regard to a specific genre of music utilizing rhythm and poetry Rap God
54%
Too proficient regarding bidding farewell to someone Too Good At Goodbyes
53%
A greater quantity than an emotional state or belief More Than A Feeling
50%
Commence the actions required to fulfill an occupation whilst remaining in the comforts of a house Work From Home
47%
The contours in which your body takes to define your figure Shape of You
45%
The previous holiday marked by the birth of Yahweh, Jesus Christ, or a human incarnation of God, celebrated on a specific date despite no evidence existing that Yahweh, Jesus Christ, or a human incarnation of God was even born on that day Last Christmas
42%
Town or village in which alcoholic beverages containing tequila, triple sec, and lemon/lime juice are sold Margaritaville
36%
Bring me to the area in which I feel most comfortable, pathways without heavy regulation or speed limits Take Me Home, Country Roads
32%
There are no impediments preventing me from moving forward or advancing There's Nothing Holdin' Me Back
21%
Turning object designed specifically for making transportation easier located within the clouds and atmosphere Wheel in the Sky
19%
Grasping and dangling by a singular, short point in time Hanging By A Moment
15%
No matching quizzes found
Score Distribution
Percent of People with Each Score
Percentile by Number Answered
Your Score History
You have not taken this quiz